Pos dan telekom

Bibliographic Details
Main Author: Yasmin Binti Kamal
Format: Book
Published: Selangor : Edu Quest Pub , 2006
Series:Siri pengangkutan dan perhubungan
Subjects:

MARC

LEADER 00000cam a2200000 7i4500
001 0000007625
005 20151222.0
008 070904
020 |a 9833390013 (set) 
020 |a 9833390056 
090 0 0 |a JF   |b TRA MAL (7170) 
100 0 |a Yasmin Binti Kamal 
245 1 0 |a Pos dan telekom   |c Yasmin Binti Kamal 
260 |a Selangor :   |b Edu Quest Pub ,   |c 2006 
440 |a Siri pengangkutan dan perhubungan 
500 |a Children ages 7-9 years old (orange) 
650 0 |a General 
650 0 |a Junior fiction   |x Malay   |x Languages 
999 |a 0000983568   |b Book   |c Children Collection   |e Perbadanan Perpustakaan Awam Johor 
999 |a 0000983569   |b Book   |c Children Collection   |e Cawangan Pontian 
999 |a 0000983570   |b Book   |c Children Collection   |e Perbadanan Perpustakaan Awam Johor 
999 |a 0000983571   |b Book   |c Children Collection   |e Cawangan Sri Merlong 
999 |a 0000983572   |b Book   |c Children Collection   |e Cawangan Mersing 
999 |a 0001048737   |b Book   |c Children Collection   |e Cawangan Tmn. Ungku Tun Aminah 
999 |a 0001048738   |b Book   |c Children Collection   |e Cawangan Bandar Penawar 
999 |a 0001048739   |b Book   |c Children Collection   |e Cawangan Taman Universiti 
999 |a 0001048741   |b Book   |c Children Collection   |e Cawangan Pontian